| 000 | 00361cam a2200145ua 4500 | ||
|---|---|---|---|
| 041 |
_aeng _h |
||
| 082 |
_a828.09 _bRIC/PR |
||
| 100 | _aI A, Richards . | ||
| 245 | _apractical criticism : a study of literary judgement | ||
| 260 |
_aLondon : _bRoutledge & Kegan Paul Ltd , _c1966. |
||
| 300 | _a376 ; . | ||
| 504 | _a | ||
| 942 | _cBK | ||
| 999 |
_c11830 _d11830 |
||